Testamento de Hernán Cortés (Record no. 3671)

MARC details
000 -CABECERA
campo de control de longitud fija 00921nam a2200217 a 4500
001 - NÚMERO DE CONTROL
campo de control BRCA_3944
005 - FECHA Y HORA DE LA ÚLTIMA TRANSACCIÓN
campo de control 20190320204503.0
008 - DATOS DE LONGITUD FIJA--INFORMACIÓN GENERAL
campo de control de longitud fija 120110s1930----mx-a######---#000-0#spa-#
041 ## - CÓDIGO DE LENGUA
Código de lengua del texto/banda sonora o título independiente spa
044 ## - CÓDIGO DEL PAÍS DE LA ENTIDAD EDITORA/PRODUCTORA
Código MARC del país mx
050 #4 - SIGNATURA TOPOGRÁFICA DE LA BIBLIOTECA DEL CONGRESO
Número de clasificación F1230.C6
Número de documento/Ítem .T47 1930
245 10 - MENCIÓN DE TÍTULO
Título Testamento de Hernán Cortés
Resto del título primera edición facsímile tomada directamente de su original existente en el Archivo del Protocolo de la ciudad de Sevilla, donde fué descubierto el 13 de enero de 1927 por el P. Mariano Cuevas, S. J., miembro de la Real Academia Española de la Historia.
260 ## - PUBLICACIÓN, DISTRIBUCIÓN, ETC.
Lugar de publicación, distribución, etc. México
Nombre del editor, distribuidor, etc. Edición privada
Fecha de publicación, distribución, etc. 1930
300 ## - DESCRIPCIÓN FÍSICA
Extensión 1 v. (sin paginación)
Dimensiones 31 cm.
500 ## - NOTA GENERAL
Nota general Se imprimió bajo la dirección de G. R. G. Conway y del maestro impresor D. Zelinsky
500 ## - NOTA GENERAL
Nota general C97
600 14 - PUNTO DE ACCESO ADICIONAL DE MATERIA--NOMBRE DE PERSONA
Nombre de persona Cortés, Hernando
Fechas asociadas al nombre 1485-1547
Término indicativo de función/relación Testamento
9 (RLIN) 10264
700 1# - PUNTO DE ACCESO ADICIONAL--NOMBRE DE PERSONA
Nombre de persona Cuevas y García, Mariano
Fechas asociadas al nombre 1879-1949
9 (RLIN) 7023
902 ## - CATALOGADOR
Iniciales GFM
942 ## - ELEMENTOS DE PUNTO DE ACCESO ADICIONAL (KOHA)
Fuente del sistema de clasificación o colocación Library of Congress Classification
Tipo de ítem Koha Libros
Holdings
Estado de retiro Estado de pérdida Estado dañado No para préstamo Localización permanente Ubicación/localización actual Fecha de adquisición Número de inventario Total de préstamos Signatura topográfica completa Código de barras Fecha visto por última vez Precio válido a partir de Tipo de ítem Koha
El ejemplar forma parte de la colección y puede ser consultado según las políticas vigentes.       Biblioteca del Museo Franz Mayer (Rogerio Casas-Alatriste) Biblioteca del Museo Franz Mayer (Rogerio Casas-Alatriste) 12/01/2010 C97   F1230.C6 .T47 1930 (C97) 3941 22/03/2019 22/03/2019 Libros